| 000 | 00774nam a2200241 i 4500 | ||
|---|---|---|---|
| 001 | 142309 | ||
| 003 | ES-MaACL | ||
| 005 | 20230906200506.0 | ||
| 007 | t| | ||
| 008 | 071004s1967 sp ||||1| cat d | ||
| 080 | _a987"16"(092.2) | ||
| 080 | _a929 Orpi, Juan | ||
| 100 | 1 |
_aVila, Pau ( _d1881-1980) _9114700 |
|
| 245 | 1 | 0 |
_aJoan OrpĆ, l'home de la nova Catalunya : _bultim conqueridor a les Indies i fundador de la Barcelona veneƧolana (1593-1645) / _cPau Vila. |
| 260 |
_aBarcelona : _bAriel, _c[1967] |
||
| 300 |
_a298 p. : _bil. ; _c21 cm. |
||
| 490 | 1 | _aHores de Catalunya | |
| 600 | 1 | 4 |
_aOrpi, Juan. _987349 |
| 651 | 4 |
_aVenezuela- _xHistoria- _yS.XVII. _99522 |
|
| 830 | 1 |
_aHores de Catalunya _9185028 |
|
| 852 |
_aES-MaACL _jC-33593 |
||
| 999 |
_c142309 _d142309 |
||